000 00312nam a22001337a 4500
008 171003b xxu||||| |||| 00| 0 eng d
020 _a9780471387541
041 _aeng
080 _23RD
_a159.9
100 _a48
101 _aPSI
245 _aPSYCHOLOGY BRAIN, BEHAVIOR, & CULTURE
_cWESTEN,D
942 _2udc
_cBK
999 _c31350
_d31350